Spider-Woman Villains by Picture - Statistics

General Stats
  • This quiz has been taken 20 times
  • The average score is 5 of 20
Answer Stats
Picture Answer % Correct
Viper
89%
Queen Veranke
61%
Flying Tiger
50%
Brothers Grimm
44%
Gypsy Moth/Skein
28%
the Needle
22%
Turner D. Century
22%
Daddy Longlegs
17%
Enforcer
17%
Hangman
17%
Otto Vermis
17%
Dansen Macabre
11%
Death-Stroke
11%
Grinder
11%
Waxman
11%
Aeturnum
6%
Cindy-65
6%
Locksmith
6%
Los Espadas Gemelas De Toledo
6%
Rose Roche
6%
No matching quizzes found
Score Distribution
Percent of People with Each Score
Percentile by Number Answered
Your Score History
You have not taken this quiz